000 00550cam a2200193Ia 4500
020 _a9789251061367
020 _a925106136X
040 _cBTCTA
082 _a338 FOO 2009 A015 Or.
100 1 _aLeach, Ian
245 1 0 _aHigher value addition through hides and skins /
260 _aRome :
_bFood and Agriculture Organization of the United Nations,
_c2009
300 _avii, 36 p. :
_bill. ;
_c21 cm
650 0 _aHides and skins industry
650 0 _aLeather industry and trade
650 0 _aTanning
700 1 _aWilson, R. T
942 _cEK
999 _c11374
_d11374